Recomendaciones finales del proyecto: acceso a recursos geneticos, distribución de beneficios y protección del conocimiento tradicional de Chile

Sparad:
Bibliografiska uppgifter
Huvudupphovsmän: Lasén Díaz, Carolina (Författare, medförfattare), Flores, Luis (Författare, medförfattare)
Övriga upphovsmän: Manzur, María Isabel (autora)
Materialtyp: Bok
Språk:spanska
Publicerad: Santiago Fundación Sociedades Sustentables 2004
Ämnen:
Taggar: Lägg till en tagg
Inga taggar, Lägg till första taggen!

MARC

LEADER 00000nam a2200000 a 4500
001 UCI2922
003 CL-VaPUC
008 070928e20040900CL |||||||||||||||||spa|d
020 |a 9562993027 
082 0 4 |a 577  |b LAS  |2 21 
100 |a Lasén Díaz, Carolina  |e author  |9 524178 
700 |a Manzur, María Isabel  |e autora  |9 621056 
700 0 |a Flores, Luis  |e author  |9 524180 
245 1 0 |a Recomendaciones finales del proyecto: acceso a recursos geneticos, distribución de beneficios y protección del conocimiento tradicional de Chile 
300 |a 28 p 
942 |c BK 
945 |d 20070928 00:00:00  |a jtorresc 
260 |a Santiago  |b Fundación Sociedades Sustentables  |c 2004 
650 7 |a CONSERVACION DE LA DIVERSIDAD BIOLOGICA  |2 CL-VaPUC  |9 332856 
650 7 |a DIVERSIDAD BIOLOGICA  |2 CL-VaPUC  |9 327372 
650 0 |a Recursos naturales  |9 255232 
650 0 |a Biotecnología   |9 259561 
583 |a last modification  |c 20070928 00:00:00  |k Rodrigo Vera 
999 |c 327332  |d 327330 
952 |0 0  |1 0  |4 0  |6 577_000000000000000_LAS_2004  |7 0  |8 A  |9 410037  |a BIBAGR  |b BIBAGR  |d 2019-11-22  |i 437469K  |o 577 LAS 2004  |p 437469K  |r 2025-01-20  |w 2019-11-22  |y BK  |k AGR 
952 |0 0  |1 0  |4 0  |6 577_000000000000000_LAS_2004  |7 0  |8 A  |9 410038  |a BIBAGR  |b BIBAGR  |d 2019-11-22  |i 4374703  |o 577 LAS 2004  |p 4374703  |r 2025-01-20  |w 2019-11-22  |y BK  |k AGR